000 00672cam a22002173a 4500
001 45140
003 PGUSA
005 20140828084031.0
008 140315s2014||||xxu|||||s|||||000 | eng d
040 _aPGUSA
_beng
042 _adc
100 1 _aBarbour, Ralph Henry,
_d1870-1944
245 1 0 _aOn Your Mark! :
_bA Story of College Life and Athletics
_h[electronic resource] /
_cRalph Henry Barbour
260 _bProject Gutenberg,
_c2014
506 _aPublic domain in the USA.
516 _aElectronic text
700 1 _aRelyea, C. M.
_q(Charles M.),
_d1863-1932
830 0 _aProject Gutenberg
_v45140
856 4 0 _uhttp://www.gutenberg.org/ebooks/45140
942 _cEB
999 _c274391
_d274391